书目信息 |
| 题名: |
矿井排水泵工
|
|
| 作者: | 彭伯平 主编 | |
| 分册: | ||
| 出版信息: | 北京 中国劳动社会保障出版社 2007.04 |
|
| 页数: | 251页 | |
| 开本: | 21cm | |
| 丛书名: | ||
| 单 册: | ||
| 中图分类: | TD442 | |
| 科图分类: | ||
| 主题词: | 矿山排水--kuang shan pai shui--水泵--安全教育--教材 | |
| 电子资源: | ||
| ISBN: | 978-7-5045-6095-7 | |
| 000 | 00973nam0 2200253 450 | |
| 001 | 012008626015 | |
| 005 | 20080428180317.36 | |
| 010 | @a978-7-5045-6095-7@dCNY18.00 | |
| 100 | @a20080428d2007 em y0chiy0120 ea | |
| 101 | 0 | @achi |
| 102 | @aCN@b110000 | |
| 105 | @aak a 000yy | |
| 106 | @ar | |
| 200 | 1 | @a矿井排水泵工@Akuang jing pai shui beng gong@f彭伯平主编@Fpeng bo ping zhu bian |
| 210 | @a北京@c中国劳动社会保障出版社@d2007.04 | |
| 215 | @a251页@c图@d21cm | |
| 300 | @a矿山特种作业人员安全技术培训考核统编教材 | |
| 320 | @a有书目 (第250-251页) | |
| 330 | @a本书系统介绍了矿井排水泵工应掌握的安全技术知识,内容包括法律法规常识、矿井安全生产技术、矿井排水系统、矿用离心式水泵、水泵电气知识、水泵安全运行知识、矿山救护及职业病防治、典型事故案例分析等8章。 | |
| 606 | 0 | @a矿山排水@Akuang shan pai shui@x水泵@x安全教育@j教材 |
| 690 | @aTD442@v4 | |
| 701 | 0 | @a彭伯平@Apeng bo ping@4主编 |
| 801 | 0 | @aCN@bQSSK@c20080428 |
| 905 | @b298107-09@dTD442@eP444@f3 | |
| 矿井排水泵工/彭伯平主编.-北京:中国劳动社会保障出版社,2007.04 |
| 251页:图;21cm |
| 矿山特种作业人员安全技术培训考核统编教材 |
| ISBN 978-7-5045-6095-7:CNY18.00 |
| 本书系统介绍了矿井排水泵工应掌握的安全技术知识,内容包括法律法规常识、矿井安全生产技术、矿井排水系统、矿用离心式水泵、水泵电气知识、水泵安全运行知识、矿山救护及职业病防治、典型事故案例分析等8章。 |
| ● |
| 相关链接 |
|
|
|
正题名:矿井排水泵工
索取号:TD442/P444
 
预约/预借
| 序号 | 登录号 | 条形码 | 馆藏地/架位号 | 状态 | 备注 |
| 1 | 298107 | 202981078 | 自科库501/501自科库 21排1列4层/ [索取号:TD442/P444] | 在馆 | |
| 2 | 298108 | 202981087 | 自科库501/501自科库 21排1列4层/ [索取号:TD442/P444] | 在馆 | |
| 3 | 298109 | 202981096 | 自科库501/501自科库 21排1列4层/ [索取号:TD442/P444] | 在馆 |